Titeriya samhita (Record no. 363191)

MARC details
000 -LEADER
fixed length control field 003100000a22001450004500
005 - DATE AND TIME OF LATEST TRANSACTION
control field 20120302064830.0
040 ## - CATALOGING SOURCE
Original cataloging agency San
100 ## - MAIN ENTRY--PERSONAL NAME
Personal name
--
Numeration
Titles and other words associated with a name
245 ## - TITLE STATEMENT
Title Titeriya samhita
260 ## - PUBLICATION, DISTRIBUTION, ETC. (IMPRINT)
Place of publication, distribution, etc Mumbai:vasant satavalekar,1957.
300 ## - PHYSICAL DESCRIPTION
Extent 397p.
365 ## - TRADE PRICE
Price amount 10/-
650 ## - SUBJECT ADDED ENTRY--TOPICAL TERM
Topical term or geographic name as entry element Taiteriya samhita
942 ## - ADDED ENTRY ELEMENTS (KOHA)
Koha item type Book
Holdings
Withdrawn status Lost status Damaged status Not for loan Home library Current library Date acquired Total Checkouts Barcode Date last seen Price effective from
        Institute For Oriental Study, Thane Institute For Oriental Study, Thane 12/02/2009   IOS-S 24246 12/02/2009 12/02/2009